000 00656nam a22001697a 4500
999 _c80866
_d80866
008 201130b ||||| |||| 00| 0 eng d
040 _bger
_cDE-2950
_erda
_aDE-2950
041 _ager
245 _aKulturakteure geben nicht auf.
_bLockdown: Noch immer ist die Öffnung ihrer Häuser in weiter Ferne, doch Kleist-Forum und Staatsorchester bieten Alternativen.
653 _aFrankfurt (Oder)
653 _aKultur
773 _dFrankfurt (Oder): Märkisches Verlags- und Druckhaus GmbH & Co KG
_g32. Jahrgang (2021) Nr. 69 vom 23.03.2021, S. 15
_tMärkische Oderzeitung
942 _cA